| 000 | 00562nam a2200169Ia 4500 | ||
|---|---|---|---|
| 008 | 230917s9999||||xx |||||||||||||| ||und|| | ||
| 020 | _cRS640 | ||
| 040 |
_e211184 _aMAIN |
||
| 041 | _aEnglish | ||
| 082 | _a359.00954 K167I | ||
| 100 | _aKaushiva, Pardeep, ed. | ||
| 245 | 0 | _aIndian and American perspective on technological developments in the domain and their strategic Implications in the Indian ocean region | |
| 260 |
_aNew Delhi _bKnowledge World _c2013 |
||
| 300 | _axvii, 158 p. | ||
| 500 | _a3632 21/10/2013 426 25/10/2013 Main Budget | ||
| 942 | _cBK | ||
| 999 |
_c32903 _d32903 |
||